Logo CIB grande

ADMINISTRACIÓN (Registro nro. 195465)

Detalles MARC
000 -LEADER
campo de control de longitud fija 00670nam a2200277Ia 4500
005 - FECHA Y HORA DE LA ÚLTIMA TRANSACCIÓN
campo de control 20250425160743.0
008 - DATOS DE LONGITUD FIJA--INFORMACIÓN GENERAL
campo de control de longitud fija 250425s9999 xx 000 0 und d
020 ## - NÚMERO INTERNACIONAL ESTÁNDAR DEL LIBRO
Número Internacional Estándar del Libro 9688806854
041 ## - CÓDIGO DE IDIOMA
Código de lengua del texto/banda sonora o título independiente spa
043 ## - CÓDIGO DE ÁREA GEOGRÁFICA
Código de área geográfica mx
082 ## - NÚMERO DE LA CLASIFICACIÓN DECIMAL DEWEY
Número de clasificación 658
010 ## - NÚMERO DE CONTROL DE LA BIBLIOTECA DEL CONGRESO
Número de control de LC 4441
100 ## - ENTRADA PRINCIPAL--NOMBRE DE PERSONA
Nombre de persona STONER, JAMES A. F.
245 #0 - MENCIÓN DEL TÍTULO
Título ADMINISTRACIÓN
250 ## - MENCION DE EDICION
Mención de edición 6A ED.
260 ## - PUBLICACIÓN, DISTRIBUCIÓN, ETC.
Lugar de publicación, distribución, etc. MEXICO
260 ## - PUBLICACIÓN, DISTRIBUCIÓN, ETC.
Lugar de publicación, distribución, etc. México
Nombre del editor, distribuidor, etc. PEARSON EDUCACION
Fecha de publicación, distribución, etc. 1996
300 ## - DESCRIPCIÓN FÍSICA
Extensión 688
500 ## - NOTA GENERAL
Nota general Título Traducido: MANAGEMENT
650 ## - PUNTO DE ACCESO ADICIONAL DE MATERIA--TÉRMINO DE MATERIA
Término de materia o nombre geográfico como elemento de entrada EMPRESAS
650 ## - PUNTO DE ACCESO ADICIONAL DE MATERIA--TÉRMINO DE MATERIA
Término de materia o nombre geográfico como elemento de entrada ESTUDIOS DE CASOS
650 ## - PUNTO DE ACCESO ADICIONAL DE MATERIA--TÉRMINO DE MATERIA
Término de materia o nombre geográfico como elemento de entrada GESTION
650 ## - PUNTO DE ACCESO ADICIONAL DE MATERIA--TÉRMINO DE MATERIA
Término de materia o nombre geográfico como elemento de entrada PLANIFICACION ESTRATEGICA
700 ## - ENTRADA AGREGADA--NOMBRE PERSONAL
Nombre de persona PILAR MASCARO DE ANDA
Término indicativo de función/relación traductor
942 ## - ELEMENTOS DE ENTRADA SECUNDARIOS (KOHA)
Tipo de ítem Koha Libros
Existencias
Estatus retirado Estado de pérdida Estado de daño No para préstamo Biblioteca de origen Biblioteca actual Ubicación en estantería Fecha de adquisición Coste, precio normal de compra Total de préstamos Código de barras Copia número Nota pública Tipo de ítem Koha Etiqueta RFID
        CENTRO DE INFORMACIÓN BIBLIOTECARIA CENTRO DE INFORMACIÓN BIBLIOTECARIA   02/09/2004 3.00   28854 1   Libros  
        CENTRO DE INFORMACIÓN BIBLIOTECARIA CENTRO DE INFORMACIÓN BIBLIOTECARIA   25/08/2004 3.00   30582 4   Libros  
        CENTRO DE INFORMACIÓN BIBLIOTECARIA CENTRO DE INFORMACIÓN BIBLIOTECARIA   09/06/2004 3.00   30581 3   Libros  
        CENTRO DE INFORMACIÓN BIBLIOTECARIA CENTRO DE INFORMACIÓN BIBLIOTECARIA   02/09/2004 3.00   30768 5   Libros  
        CENTRO DE INFORMACIÓN BIBLIOTECARIA CENTRO DE INFORMACIÓN BIBLIOTECARIA   31/08/2004 3.00   32218 6   Libros  
        CENTRO DE INFORMACIÓN BIBLIOTECARIA CENTRO DE INFORMACIÓN BIBLIOTECARIA   20/08/2004 3.00   32251 7   Libros  
        CENTRO DE INFORMACIÓN BIBLIOTECARIA CENTRO DE INFORMACIÓN BIBLIOTECARIA   02/09/2004 8.00   D-19789 15   Libros  
        CENTRO DE INFORMACIÓN BIBLIOTECARIA CENTRO DE INFORMACIÓN BIBLIOTECARIA   08/11/2019 67.00   71118 13   Libros 0000000000000000034895
        CENTRO DE INFORMACIÓN BIBLIOTECARIA CENTRO DE INFORMACIÓN BIBLIOTECARIA   08/11/2019 67.00   71119 14   Libros 0000000000000000034894
        ESCUELA DE NEGOCIOS ESCUELA DE NEGOCIOS   13/07/2001 1.00   CP-00128 16 COMPRA    
        ESCUELA DE NEGOCIOS ESCUELA DE NEGOCIOS   20/11/2003 10.00   D-P 07136 21 DONADO    
        ESCUELA DE NEGOCIOS ESCUELA DE NEGOCIOS   20/11/2003 10.00   D-P 07137 22 DONADO    
        ESCUELA DE NEGOCIOS ESCUELA DE NEGOCIOS   20/11/2003 10.00   D-P 07138 23 DONADO    
        ESCUELA DE NEGOCIOS ESCUELA DE NEGOCIOS   13/07/2001 17.00   CP-00940 17 COMPRA    
        ESCUELA DE NEGOCIOS ESCUELA DE NEGOCIOS   13/07/2001 30.00   CP-01389 18 COMPRA    
        ESCUELA DE NEGOCIOS ESCUELA DE NEGOCIOS   13/07/2001 30.00   CP-01390 19 COMPRA    
        ESCUELA DE NEGOCIOS ESCUELA DE NEGOCIOS   13/07/2001 30.00   CP-01391 20 COMPRA    
        FACULTAD DE INGENIERIA MECANICA Y CIENCIAS DE LA PRODUCCION FACULTAD DE INGENIERIA MECANICA Y CIENCIAS DE LA PRODUCCION   06/07/2009 26.00   50574 12      

Copyright 2025 ESPOL. Todos los derechos reservados.